| 000 | 00527nam a22002055a 4500 | ||
|---|---|---|---|
| 001 | 42818 | ||
| 005 | 20180306032456.0 | ||
| 008 | 920728s1992 ctu 000 0 eng | ||
| 010 | _a 92191819 | ||
| 040 |
_aDLC _cDLC |
||
| 041 | _aeng | ||
| 080 | _a62 OME | ||
| 082 | _a62 OME | ||
| 100 | _a27 | ||
| 101 | _aIM | ||
| 245 | 0 | 4 | _aThe Pressure, strain, and force handbook. |
| 906 |
_a7 _bibc _corignew _d2 _encip _f19 _gy-gencatlg |
||
| 942 |
_2ddc _cBK |
||
| 999 |
_c44118 _d44118 |
||